<?xml version="1.0" encoding="UTF-8"?>
<record
    xmlns:xsi="http://www.w3.org/2001/XMLSchema-instance"
    xsi:schemaLocation="http://www.loc.gov/MARC21/slim http://www.loc.gov/standards/marcxml/schema/MARC21slim.xsd"
    xmlns="http://www.loc.gov/MARC21/slim">

  <leader>02698    a2200229   4500</leader>
  <controlfield tag="001">61</controlfield>
  <controlfield tag="005">20260407155406.0</controlfield>
  <controlfield tag="008">260407a2007    arg                 spa d</controlfield>
  <controlfield tag="003">AR-UNSa-BCEJYS</controlfield>
  <datafield tag="040" ind1=" " ind2=" ">
    <subfield code="a">AR-UNSa-BCEJYS</subfield>
    <subfield code="b">spa</subfield>
    <subfield code="c">AR-UNSa-BCEJYS</subfield>
  </datafield>
  <datafield tag="080" ind1=" " ind2=" ">
    <subfield code="a">336.226.1</subfield>
    <subfield code="x">Impuestos a las ganancias o los beneficios (Impuesto Diferido)</subfield>
  </datafield>
  <datafield tag="245" ind1="1" ind2="0">
    <subfield code="a">Ganancias, bienes personales y ganancia m&#xED;nima presunta</subfield>
    <subfield code="p">an&#xE1;lisis integral</subfield>
  </datafield>
  <datafield tag="020" ind1=" " ind2=" ">
    <subfield code="a">978-987-1140-59-6</subfield>
  </datafield>
  <datafield tag="250" ind1=" " ind2=" ">
    <subfield code="a">1a. ed.</subfield>
  </datafield>
  <datafield tag="264" ind1=" " ind2="1">
    <subfield code="a">Buenos Aires :</subfield>
    <subfield code="b">Osmar D. Buyatti</subfield>
    <subfield code="c">2007</subfield>
  </datafield>
  <datafield tag="300" ind1=" " ind2=" ">
    <subfield code="a">988 p.</subfield>
    <subfield code="c">23 cm</subfield>
  </datafield>
  <datafield tag="505" ind1=" " ind2=" ">
    <subfield code="a">1. Objeto del impuesto - 2. Sujetos del impuesto - 3. V&#xED;nculo jurisdiccional - 4. Empresas vinculadas internacionalmente y precios de transferecias - 5. Exenciones - 6. A&#xF1;o fiscal y criterios de imputaci&#xF3;n de ganancias y gastos - 7. Primera categor&#xED;a - 8. Segunda categor&#xED;a - 9. Cuarta categor&#xED;a - 10. Esquema de liquidaci&#xF3;n para personas f&#xED;sicas y sucesiones indivisas - 11. Determinaci&#xF3;n del impueso a las ganancias para personas f&#xED;sicas y sucesiones indivisas, deducciones admitidas - 12. Entidades exentas,r&#xE9;gimen e empadronamiento y de informaci&#xF3;n de donaciones - 13. Deducciones no admitidas - 14. Incrementos patrimoniales no justificados - 15. Concepto de empresa - 16. Tercera categor&#xED;a - 17. Amortizaciones - 18. Deducci&#xF3;n de los gastos de autom&#xF3;viles - 19. Rentas de fuente extranjera obtenida por sujetos de la tercera categor&#xED;a - 20. Valuaci&#xF3;n de las mercaderias e los inventarios - 21. Costo computable en la enajanaci&#xF3; de bienes - 22. Venta y reemplazo y desuso de bienes amortizables - 23. Malos cr&#xE9;ditos - 24. Previsionesy rentas - 25. Diferencias de cambio por operaciones en moneda extarnjera - 26. Operacones inmobiliaraias y construcciones - 27. Honorarios a directores, s&#xED;ndicos y miembros del consejo de vigilancia - 28. Disposici&#xF3;n de fondos o bienes a favor de terceros - 29. Salidas no documentadas - 30. Reorganizaci&#xF3;n de empresas - 31. La imposici&#xF3;n sobrelas sociedades de capital y sobre sus accionistas o socios - 32. Impuesto diferido - 33. Ajuste impositivo por inflaci&#xF3;n - 34. Beneficios del exterior - 35. Impuesto sobre los bienes personales - 36. Impuesto a la ganancia m&#xED;nima presunta - 37. Fideicomisos - 38.El contrato de leasing - 39. R&#xE9;gimen de ingreso de anticipos - 40. C&#xF3;mputos del  mpuesto sobre los d&#xE9;bitos y cr&#xE9;ditosbancarios como pago a cuenta del impuesto a las ganancia y a la ganancia m&#xED;nima presunta.  </subfield>
  </datafield>
  <datafield tag="942" ind1=" " ind2=" ">
    <subfield code="c">BK</subfield>
  </datafield>
  <datafield tag="590" ind1=" " ind2=" ">
    <subfield code="a">niveau_biblio:m niveau_hierar:0</subfield>
  </datafield>
  <datafield tag="100" ind1="1" ind2=" ">
    <subfield code="a">Rodr&#xED;guez, Marcelo Daniel</subfield>
  </datafield>
  <datafield tag="856" ind1="4" ind2="1">
    <subfield code="u">https://biblioeco.unsa.edu.ar/pmb/images/libros/Ganancias bienes personales2-l116965.jpg</subfield>
    <subfield code="y">Imagen de portada</subfield>
    <subfield code="q">image/jpeg</subfield>
  </datafield>
  <datafield tag="999" ind1=" " ind2=" ">
    <subfield code="c">45</subfield>
    <subfield code="d">45</subfield>
  </datafield>
  <datafield tag="952" ind1=" " ind2=" ">
    <subfield code="0">0</subfield>
    <subfield code="1">0</subfield>
    <subfield code="4">0</subfield>
    <subfield code="7">0</subfield>
    <subfield code="a">BCEJYS</subfield>
    <subfield code="b">BCEJYS</subfield>
    <subfield code="c">16</subfield>
    <subfield code="d">2026-04-07</subfield>
    <subfield code="l">0</subfield>
    <subfield code="o">336.226.1 R696</subfield>
    <subfield code="p">L116418</subfield>
    <subfield code="r">2026-04-07 15:54:06</subfield>
    <subfield code="w">2026-04-07</subfield>
    <subfield code="y">L</subfield>
  </datafield>
  <datafield tag="952" ind1=" " ind2=" ">
    <subfield code="0">0</subfield>
    <subfield code="1">0</subfield>
    <subfield code="4">0</subfield>
    <subfield code="7">0</subfield>
    <subfield code="a">BCEJYS</subfield>
    <subfield code="b">BCEJYS</subfield>
    <subfield code="c">16</subfield>
    <subfield code="d">2026-04-07</subfield>
    <subfield code="l">0</subfield>
    <subfield code="o">336.226.1 R696</subfield>
    <subfield code="p">L116961</subfield>
    <subfield code="r">2026-04-07 15:54:06</subfield>
    <subfield code="w">2026-04-07</subfield>
    <subfield code="y">L</subfield>
  </datafield>
  <datafield tag="952" ind1=" " ind2=" ">
    <subfield code="0">0</subfield>
    <subfield code="1">0</subfield>
    <subfield code="4">0</subfield>
    <subfield code="7">0</subfield>
    <subfield code="a">BCEJYS</subfield>
    <subfield code="b">BCEJYS</subfield>
    <subfield code="c">16</subfield>
    <subfield code="d">2026-04-07</subfield>
    <subfield code="l">0</subfield>
    <subfield code="o">336.226.1 R696</subfield>
    <subfield code="p">L116962</subfield>
    <subfield code="r">2026-04-07 15:54:06</subfield>
    <subfield code="w">2026-04-07</subfield>
    <subfield code="y">L</subfield>
  </datafield>
  <datafield tag="952" ind1=" " ind2=" ">
    <subfield code="0">0</subfield>
    <subfield code="1">0</subfield>
    <subfield code="4">0</subfield>
    <subfield code="7">0</subfield>
    <subfield code="a">BCEJYS</subfield>
    <subfield code="b">BCEJYS</subfield>
    <subfield code="c">16</subfield>
    <subfield code="d">2026-04-07</subfield>
    <subfield code="l">0</subfield>
    <subfield code="o">336.226.1 R696</subfield>
    <subfield code="p">L116963</subfield>
    <subfield code="r">2026-04-07 15:54:06</subfield>
    <subfield code="w">2026-04-07</subfield>
    <subfield code="y">L</subfield>
  </datafield>
  <datafield tag="952" ind1=" " ind2=" ">
    <subfield code="0">0</subfield>
    <subfield code="1">0</subfield>
    <subfield code="4">0</subfield>
    <subfield code="7">0</subfield>
    <subfield code="a">BCEJYS</subfield>
    <subfield code="b">BCEJYS</subfield>
    <subfield code="c">16</subfield>
    <subfield code="d">2026-04-07</subfield>
    <subfield code="l">0</subfield>
    <subfield code="o">336.226.1 R696</subfield>
    <subfield code="p">L116964</subfield>
    <subfield code="r">2026-04-07 15:54:06</subfield>
    <subfield code="w">2026-04-07</subfield>
    <subfield code="y">L</subfield>
  </datafield>
  <datafield tag="952" ind1=" " ind2=" ">
    <subfield code="0">0</subfield>
    <subfield code="1">0</subfield>
    <subfield code="4">0</subfield>
    <subfield code="7">0</subfield>
    <subfield code="a">BCEJYS</subfield>
    <subfield code="b">BCEJYS</subfield>
    <subfield code="c">16</subfield>
    <subfield code="d">2026-04-07</subfield>
    <subfield code="l">0</subfield>
    <subfield code="o">336.226.1 R696</subfield>
    <subfield code="p">L116965</subfield>
    <subfield code="r">2026-04-07 15:54:06</subfield>
    <subfield code="w">2026-04-07</subfield>
    <subfield code="y">L</subfield>
  </datafield>
</record>
